[Event "Moscow Aeroflot op-A"]
[Site "Moscow"]
[Date "2024.03.06"]
[Round "8"]
[White "Lazavik, Denis"]
[Black "Khubukshanov, Erdem"]
[Result "1-0"]
[WhiteElo "2567"]
[BlackElo "2352"]
[PlyCount "99"]
[EventDate "2024.03.03"]
[EventType "swiss"]
[EventRounds "9"]
[EventCountry "RUS"]
[SourceTitle "CB11_2024"]
[SourceDate "2024.03.13"]
[SourceVersion "1"]
[SourceVersionDate "2024.03.13"]
[SourceQuality "1"]

1. d4 Nf6 2. c4 g6 3. g3 c6 4. Bg2 d5 5. Nf3 Bg7 6. 0-0 0-0 7. Qa4 dxc4 8. Qxc4 Bf5 9. Nc3 Nbd7 10. a4 a5 11. Re1 Nb6 12. Qb3 Ne4 13. Rd1 Nd6 14. Bf4 Be6 15. Qc2 Nd5 16. Nxd5 Bxd5 17. Ne5 Bxg2 18. Kxg2 Nf5 19. Nf3 Qb6 20. e3 Rfd8 21. Rac1 e6 22. h4 h6 23. g4 Ne7 24. e4 Rac8 25. Qc4 Qb4 26. b3 Qxc4 27. bxc4 f5 28. exf5 gxf5 29. g5 Ng6 30. Bd2 Bxd4 31. gxh6 c5 32. h5 Nf8 33. Bf4 Re8 34. Rb1 Re7 35. Nxd4 cxd4 36. Bd6 Rh7 37. Rxd4 Nd7 38. Rxb7 Nf6 39. Rb8 Rxb8 40. Bxb8 Rxh6 41. c5 Kf7 42. c6 Rh8 43. Be5 Rc8 44. c7 Nd5 45. Kf3 Kg8 46. Rc4 Kh7 47. Rc6 Kh6 48. Rxe6+ Kxh5 49. Rd6 Ne7 50. Bf4 1-0

[Event "Moscow Aeroflot op-A"]
[Site "Moscow"]
[Date "2024.03.04"]
[Round "3"]
[White "Khubukshanov, Erdem"]
[Black "Tsydypov, Zhamsaran"]
[Result "1-0"]
[WhiteElo "2352"]
[BlackElo "2521"]
[PlyCount "73"]
[EventDate "2024.03.03"]
[EventType "swiss"]
[EventRounds "9"]
[EventCountry "RUS"]
[SourceTitle "CB11_2024"]
[SourceDate "2024.03.13"]
[SourceVersion "1"]
[SourceVersionDate "2024.03.13"]
[SourceQuality "1"]

1. e4 e5 2. Nf3 Nc6 3. Nc3 Nf6 4. d4 exd4 5. Nxd4 Bb4 6. Nxc6 bxc6 7. Bd3 d5 8. exd5 0-0 9. 0-0 Bg4 10. f3 Bh5 11. Bg5 cxd5 12. Bxf6 Qxf6 13. Nxd5 Qxb2 14. Rb1 Bc5+ 15. Kh1 Qxa2 16. Rb5 c6 17. Nc3 Qa3 18. Nb1 cxb5 19. Nxa3 Bxa3 20. Bxb5 Rac8 21. Qd3 Bc5 22. f4 f6 23. Bd7 Rc7 24. Bf5 h6 25. Be6+ Bf7 26. Re1 Bxe6 27. Rxe6 Rfc8 28. g4 Bf8 29. Re2 Rc5 30. h4 Rc3 31. Qf5 R3c5 32. Qe4 Rc4 33. Qb7 Rd8 34. Qb3 Rdd4 35. c3 Rxf4 36. Re8 Kf7 37. Rc8 1-0

[Event "Moscow Aeroflot op-A"]
[Site "Moscow"]
[Date "2024.03.03"]
[Round "2"]
[White "Khubukshanov, Erdem"]
[Black "Nogerbek, Kazybek"]
[Result "1/2-1/2"]
[WhiteElo "2352"]
[BlackElo "2480"]
[PlyCount "131"]
[EventDate "2024.03.03"]
[EventType "swiss"]
[EventRounds "9"]
[EventCountry "RUS"]
[SourceTitle "CB11_2024"]
[SourceDate "2024.03.13"]
[SourceVersion "1"]
[SourceVersionDate "2024.03.13"]
[SourceQuality "1"]

1. e4 e5 2. Nf3 Nc6 3. Bc4 Nf6 4. d3 Bc5 5. 0-0 d6 6. c3 a5 7. Re1 0-0 8. h3 h6 9. Bb5 Ba7 10. Nbd2 Ne7 11. d4 Ng6 12. Ba4 c6 13. Bc2 Be6 14. Nf1 b5 15. a4 Qc7 16. Be3 Rab8 17. Qc1 b4 18. Ng3 bxc3 19. bxc3 Rfe8 20. Qa3 Rb7 21. Rab1 Rxb1 22. Bxb1 Bb8 23. dxe5 dxe5 24. Ba2 Ba7 25. Bxe6 Rxe6 26. Bxa7 Qxa7 27. Nd2 Nf4 28. Nb3 Nd7 29. Re3 Kh7 30. Kh2 Qb6 31. Nf1 Rg6 32. g3 Ne6 33. Nfd2 Qd8 34. Rd3 Qb6 35. Rf3 Ng5 36. Re3 c5 37. h4 Ne6 38. Nc4 Qc7 39. Kg1 Nf6 40. Nbxa5 Nf4 41. Kf1 Qd7 42. Nxe5 Qh3+ 43. Ke1 Nxe4 44. Rxe4 Qh1+ 45. Kd2 Qxe4 46. Nxg6 Qe2+ 47. Kc1 Nd3+ 48. Kb1 Qd1+ 49. Ka2 Qc2+ 50. Ka1 fxg6 51. f4 h5 52. Qb3 Qc1+ 53. Ka2 Qd2+ 54. Ka3 Qc1+ 55. Ka2 Qd2+ 56. Ka3 Qe1 57. Qc2 Qxg3 58. Nc4 Nxf4 59. a5 Qxh4 60. a6 Qh1 61. a7 Qa1+ 62. Qa2 Qxc3+ 63. Qb3 Qa1+ 64. Qa2 Qc3+ 65. Qb3 Qa1+ 66. Qa2 1/2-1/2

[Event "Khanty-Mansiysk Governor Cup Rapid"]
[Site "Khanty-Mansiysk"]
[Date "2023.11.28"]
[Round "11"]
[White "Khubukshanov, Erdem"]
[Black "Vastrukhin, Oleg"]
[Result "1-0"]
[WhiteElo "2377"]
[BlackElo "2343"]
[PlyCount "97"]
[EventDate "2023.11.26"]
[EventType "swiss (rapid)"]
[EventRounds "11"]
[EventCountry "RUS"]
[SourceTitle "CB49_2023"]
[SourceDate "2023.12.06"]
[SourceVersion "1"]
[SourceVersionDate "2023.12.06"]
[SourceQuality "1"]

1. e4 e6 2. d4 d5 3. Nc3 Bb4 4. exd5 exd5 5. Bd3 Nc6 6. Nf3 Nge7 7. 0-0 Be6 8. Bf4 Qd7 9. Nb5 Ba5 10. a4 a6 11. Na3 Ng6 12. Bg3 Nce7 13. Ng5 Bf5 14. c3 c6 15. Re1 0-0 16. h4 f6 17. Nh3 Rfe8 18. h5 Nf8 19. Nc2 Bg4 20. Be2 Bxe2 21. Qxe2 Nf5 22. Qg4 Nxg3 23. Qxg3 Bc7 24. Qf3 Rxe1+ 25. Nxe1 Re8 26. Nd3 Bd6 27. h6 Ng6 28. hxg7 Kxg7 29. Kf1 Re4 30. Ng1 Qe6 31. Re1 Rxe1+ 32. Nxe1 Qe4 33. Qxe4 dxe4 34. f3 exf3 35. Ngxf3 Kf7 36. Nc2 Ke6 37. Ne3 Nf4 38. Nd2 Nd5 39. Nec4 Bc7 40. a5 Bf4 41. Ne4 Ne3+ 42. Nxe3 Bxe3 43. Nc5+ Kd5 44. Ke2 Bf4 45. Kd3 Bc7 46. Nxb7 f5 47. b4 h5 48. c4+ Ke6 49. Nc5+ 1-0

[Event "Khanty-Mansiysk Governor Cup Rapid"]
[Site "Khanty-Mansiysk"]
[Date "2023.11.27"]
[Round "7"]
[White "Khubukshanov, Erdem"]
[Black "Kabanov, Nikolai"]
[Result "1/2-1/2"]
[WhiteElo "2377"]
[BlackElo "2434"]
[PlyCount "165"]
[EventDate "2023.11.26"]
[EventType "swiss (rapid)"]
[EventRounds "11"]
[EventCountry "RUS"]
[SourceTitle "CB49_2023"]
[SourceDate "2023.12.06"]
[SourceVersion "1"]
[SourceVersionDate "2023.12.06"]
[SourceQuality "1"]

1. e4 c6 2. d4 d5 3. e5 Bf5 4. h4 h6 5. g4 Bd7 6. Nc3 Qc8 7. Be2 e6 8. Be3 c5 9. Nf3 h5 10. gxh5 Ne7 11. Ng5 Nf5 12. Bg4 Nxd4 13. Bxd4 cxd4 14. Qxd4 Qc4 15. Qxc4 dxc4 16. 0-0-0 Bc6 17. Rhf1 Nd7 18. f4 Be7 19. Rd4 Bc5 20. Rxc4 Be3+ 21. Kb1 Nb6 22. Rxc6 bxc6 23. Nce4 Nc4 24. Be2 Nd2+ 25. Nxd2 Bxd2 26. c3 Ke7 27. Kc2 Rad8 28. Ne4 Be3 29. Rf3 Bb6 30. Rg3 Kf8 31. Bg4 Bc7 32. a4 Ke7 33. Bf3 Rdg8 34. b4 f5 35. Nd2 g6 36. Bxc6 gxh5 37. Rd3 Rd8 38. a5 Rhg8 39. Bf3 Rg3 40. Rxd8 Bxd8 41. Bxh5 Kd7 42. Nf3 Rh3 43. Nd4 Bxh4 44. Bf7 Be1 45. Bxe6+ Ke7 46. Bxf5 Rxc3+ 47. Kd1 Rc4 48. Ne2 Bxb4 49. Bd3 Rc5 50. a6 Bc3 51. Nxc3 Rxc3 52. Kd2 Ra3 53. f5 Ra5 54. f6+ Kf7 55. Bc4+ Kg6 56. f7 Kg7 57. e6 Kf8 58. Kc3 Ke7 59. Kd4 Kf8 60. Kc3 Ke7 61. Kb4 Re5 62. Bb3 Rf5 63. Ba2 Re5 64. Kc3 Rc5+ 65. Kd4 Ra5 66. Bc4 Kf8 67. Bd3 Ke7 68. Ke4 Rc5 69. Kf4 Rc6 70. Kf5 Rd6 71. Bc4 Rc6 72. Be2 Rc2 73. Bf3 Rf2 74. Kg4 Ra2 75. Bb7 Ra5 76. Kf4 Kf8 77. Ke4 Ke7 78. Kd4 Kf8 79. Kc4 Ke7 80. Kb4 Rf5 81. Kc4 Ra5 82. Kd4 Kf8 83. Ke4 1/2-1/2

[Event "Khanty-Mansiysk Governor Cup Rapid"]
[Site "Khanty-Mansiysk"]
[Date "2023.11.27"]
[Round "5"]
[White "Khubukshanov, Erdem"]
[Black "Volchkova, Alena"]
[Result "1/2-1/2"]
[WhiteElo "2377"]
[BlackElo "1942"]
[PlyCount "206"]
[EventDate "2023.11.26"]
[EventType "swiss (rapid)"]
[EventRounds "11"]
[EventCountry "RUS"]
[SourceTitle "CB49_2023"]
[SourceDate "2023.12.06"]
[SourceVersion "1"]
[SourceVersionDate "2023.12.06"]
[SourceQuality "1"]

1. e4 c5 2. Nf3 d6 3. Bb5+ Nd7 4. Ba4 Ngf6 5. 0-0 g6 6. Re1 Bg7 7. c3 a6 8. d4 b5 9. Bb3 c4 10. Bc2 0-0 11. b3 Nb6 12. h3 Bb7 13. Bg5 Rc8 14. b4 h6 15. Bh4 Nh5 16. Nbd2 Qc7 17. Nf1 e5 18. Rc1 Rce8 19. N3h2 Nf4 20. Bg3 Ne6 21. d5 Nf4 22. Ne3 Bc8 23. Nf3 Nd7 24. Ra1 Nf6 25. a4 N6h5 26. axb5 axb5 27. Ra5 Bd7 28. Kh2 f5 29. Nh4 Qc8 30. Nxg6 Nxg6 31. Qxh5 Nf4 32. Qd1 fxe4 33. Bxe4 Qd8 34. Ra7 Bc8 35. Qc2 Qg5 36. h4 Qd8 37. Rea1 Re7 38. Bf5 Rxa7 39. Rxa7 Bxf5 40. Nxf5 Rf7 41. Rxf7 Kxf7 42. Qe4 Nd3 43. h5 Qg5 44. Nxd6+ Kg8 45. Qg6 Qxg6 46. hxg6 Nxb4 47. Nxb5 Nxd5 48. f3 e4 49. fxe4 Nxc3 50. Nd6 Bf8 51. Nf5 Nxe4 52. Be5 c3 53. g7 Bxg7 54. Bxg7 c2 55. Bxh6 Nf2 56. Kg3 Nd3 57. Kf3 c1Q 58. Bxc1 Nxc1 59. Ke4 Nb3 60. Kd5 Nd2 61. Ng3 Kf7 62. Kd4 Nb3+ 63. Kc4 Na5+ 64. Kd5 Kf6 65. Nf1 Nb3 66. Kc4 Na5+ 67. Kd4 Nc6+ 68. Ke4 Ne5 69. Ne3 Ng6 70. Ng4+ Kg5 71. Nh2 Kf6 72. Nf3 Ne7 73. g4 Kg6 74. g5 Kg7 75. Ke5 Ng6+ 76. Kf5 Ne7+ 77. Ke6 Ng6 78. Nd4 Nf4+ 79. Kf5 Ng6 80. Nc6 Nh4+ 81. Kg4 Ng6 82. Nd4 Ne7 83. Kh5 Ng6 84. Ne6+ Kh7 85. Kg4 Ne7 86. Kf4 Kg6 87. Nf8+ Kf7 88. Nd7 Kg6 89. Ne5+ Kg7 90. Kg4 Ng6 91. Nc6 Kf7 92. Kf5 Nh4+ 93. Kf4 Ng6+ 94. Kg4 Kg7 95. Nd8 Ne7 96. Kf4 Kg6 97. Ne6 Nd5+ 98. Kg4 Nf6+ 99. Kh4 Ne4 100. Nf4+ Kf5 101. g6 Kxf4 102. Kh5 Nf6+ 103. Kh6 Kf5 1/2-1/2

[Event "Khanty-Mansiysk Governor Cup Rapid"]
[Site "Khanty-Mansiysk"]
[Date "2023.11.26"]
[Round "4"]
[White "Volkov, Maksim"]
[Black "Khubukshanov, Erdem"]
[Result "1-0"]
[WhiteElo "2260"]
[BlackElo "2377"]
[PlyCount "127"]
[EventDate "2023.11.26"]
[EventType "swiss (rapid)"]
[EventRounds "11"]
[EventCountry "RUS"]
[SourceTitle "CB49_2023"]
[SourceDate "2023.12.06"]
[SourceVersion "1"]
[SourceVersionDate "2023.12.06"]
[SourceQuality "1"]

1. d4 Nf6 2. c4 e6 3. g3 c5 4. d5 exd5 5. cxd5 d6 6. Nc3 g6 7. Bg2 Bg7 8. Nf3 0-0 9. 0-0 Re8 10. Bf4 a6 11. a4 h6 12. Re1 g5 13. Bd2 Nbd7 14. h4 g4 15. Nh2 Ne5 16. Qc1 h5 17. Qc2 Rb8 18. Bg5 Qd7 19. a5 b5 20. axb6 Rxb6 21. Nf1 Nh7 22. Bf4 Ng6 23. Bd2 Qb7 24. Ra2 Bd4 25. Ne3 Bxe3 26. Bxe3 Rxe3 27. fxe3 Rb4 28. Rf1 Qe7 29. Be4 Qe5 30. Kg2 Nhf8 31. Ra4 Ne7 32. Rf4 Rb6 33. Bh7+ Nxh7 34. Rae4 Ng6 35. Rxe5 Nxe5 36. Na4 Rb5 37. b4 c4 38. Rxc4 Bb7 39. Rd4 Rxd5 40. Rxd5 Bxd5+ 41. e4 Bc6 42. Kf2 Nf6 43. Nc3 Kf8 44. Qd2 Ke7 45. Qd4 Ke6 46. Qb6 Nxe4+ 47. Nxe4 Bxe4 48. Qxa6 Nd7 49. Qc8 Ke7 50. b5 Nc5 51. Qh8 Bg6 52. Qc8 Be4 53. b6 Bb7 54. Qh8 f5 55. Ke3 Kd7 56. Qxh5 Be4 57. Qf7+ Kc6 58. Qc7+ Kb5 59. Qxd6 Bc6 60. h5 Ne4 61. Qe5+ Kxb6 62. h6 f4+ 63. Kxf4 Nc5 64. h7 1-0

[Event "Khanty-Mansiysk Governor Cup 19th"]
[Site "Khanty-Mansiysk"]
[Date "2023.11.20"]
[Round "4"]
[White "Khubukshanov, Erdem"]
[Black "Perchinsky, Bogdan K"]
[Result "1-0"]
[WhiteElo "2377"]
[BlackElo "1513"]
[PlyCount "55"]
[EventDate "2023.11.17"]
[EventType "swiss"]
[EventRounds "9"]
[EventCountry "RUS"]
[SourceTitle "CB48_2023"]
[SourceDate "2023.11.29"]
[SourceVersion "1"]
[SourceVersionDate "2023.11.29"]
[SourceQuality "1"]

1. e4 e6 2. Qe2 Be7 3. g3 d5 4. d3 c5 5. Nf3 Nc6 6. Bg2 Nf6 7. 0-0 b6 8. Nbd2 Bb7 9. Re1 h6 10. c3 Qc7 11. Nf1 g5 12. h4 gxh4 13. Bf4 Qd7 14. Nxh4 0-0-0 15. Rad1 Rdg8 16. Nh2 d4 17. N4f3 Nh5 18. Bd2 Kb8 19. Nxd4 cxd4 20. Qxh5 Bc5 21. Nf3 f6 22. b4 dxc3 23. bxc5 cxd2 24. Rxd2 Nd4 25. cxb6 axb6 26. Rb1 Nxf3+ 27. Qxf3 b5 28. Qxf6 1-0

[Event "Khanty-Mansiysk Governor Cup 19th"]
[Site "Khanty-Mansiysk"]
[Date "2023.11.18"]
[Round "2"]
[White "Khubukshanov, Erdem"]
[Black "Lobanov, Sergei"]
[Result "1/2-1/2"]
[WhiteElo "2377"]
[BlackElo "2516"]
[PlyCount "107"]
[EventDate "2023.11.17"]
[EventType "swiss"]
[EventRounds "9"]
[EventCountry "RUS"]
[SourceTitle "CB48_2023"]
[SourceDate "2023.11.29"]
[SourceVersion "1"]
[SourceVersionDate "2023.11.29"]
[SourceQuality "1"]

1. e4 e5 2. Nf3 Nc6 3. Nc3 Nf6 4. d4 exd4 5. Nxd4 Bb4 6. Nxc6 bxc6 7. Bd3 d5 8. exd5 cxd5 9. 0-0 0-0 10. h3 c6 11. Qf3 Rb8 12. Ne2 Bd6 13. b3 Be5 14. Bf4 Qd6 15. Rad1 Re8 16. c4 Bd7 17. cxd5 cxd5 18. Bxe5 Qxe5 19. Nf4 h6 20. Rd2 a5 21. Rfd1 Bc6 22. Rc2 Qd6 23. Qg3 Red8 24. Rdc1 Be8 25. Ne2 Qxg3 26. Nxg3 a4 27. bxa4 Bxa4 28. Rc7 Ra8 29. Ne2 Be8 30. R1c2 d4 31. Rd2 Ra4 32. Bc4 d3 33. Nc3 Raa8 34. Rxd3 Rdc8 35. Rxc8 Rxc8 36. Bb3 Kf8 37. f3 Ke7 38. Kf2 Rb8 39. Ne2 Bd7 40. Nd4 Ra8 41. Re3+ Kf8 42. Rc3 Ra7 43. Rc5 g6 44. Ke3 Ke7 45. Kd2 Kd6 46. Rb5 Be8 47. Rb8 Kc5 48. Kc3 Bd7 49. Bxf7 Nd5+ 50. Bxd5 Kxd5 51. Nc2 Ke5 52. Rd8 Kf4 53. Nb4 Kg3 54. Nd5 1/2-1/2

[Event "RUS-chT Rapid"]
[Site "Sochi"]
[Date "2023.10.19"]
[Round "6.19"]
[White "Faizrakhmanov, Ramil"]
[Black "Khubukshanov, Erdem"]
[Result "0-1"]
[WhiteElo "2460"]
[BlackElo "2377"]
[PlyCount "108"]
[EventDate "2023.10.18"]
[EventType "team-swiss (rapid)"]
[EventRounds "9"]
[EventCountry "RUS"]
[SourceTitle "Mega2024 Update 01"]
[Source "Chessbase"]
[SourceDate "2023.11.12"]
[SourceVersion "1"]
[SourceVersionDate "2023.11.12"]
[SourceQuality "1"]
[WhiteTeam "Tatarstan Ladya"]
[BlackTeam "Novosibirsk Region"]
[WhiteTeamCountry "RUS"]
[BlackTeamCountry "RUS"]

1. d4 Nf6 2. c4 e6 3. Nf3 d5 4. Nc3 c6 5. e3 Nbd7 6. Be2 Bd6 7. 0-0 0-0 8. b3 b6 9. Bb2 Bb7 10. Qc2 Qe7 11. Rfe1 Rfe8 12. Rad1 Bb4 13. Ne5 Red8 14. Nd3 Ba5 15. cxd5 exd5 16. a3 c5 17. dxc5 bxc5 18. b4 cxb4 19. axb4 Bb6 20. Bf3 Nf8 21. Na4 Ne6 22. Nxb6 axb6 23. Nf4 Rac8 24. Qf5 Nxf4 25. exf4 Ne4 26. Bd4 Qxb4 27. Qg4 Qf8 28. Bxb6 Rd6 29. Bd4 f5 30. Qh3 Rh6 31. Bh5 Bc6 32. f3 Nd6 33. Bc5 Be8 34. Bxd6 Qxd6 35. Qxf5 Qc5+ 36. Kh1 Bxh5 37. Rxd5 Qc3 38. Red1 Be8 39. Re5 Ba4 40. Rde1 Rf8 41. Qe4 Bc6 42. Qe2 Rxf4 43. Re6 Rff6 44. Re3 Qa5 45. Qc4+ Qd5 46. Re8+ Rf8 47. Rxf8+ Kxf8 48. Qf4+ Rf6 49. Qb8+ Kf7 50. h3 Qd7 51. Qe5 Bxf3 52. Kh2 Bc6 53. Qh5+ Kg8 54. Qe2 h6 0-1

[Event "RUS-chT Rapid"]
[Site "Sochi"]
[Date "2023.10.18"]
[Round "2.15"]
[White "Akhmedov, David"]
[Black "Khubukshanov, Erdem"]
[Result "0-1"]
[WhiteElo "2240"]
[BlackElo "2377"]
[PlyCount "68"]
[EventDate "2023.10.18"]
[EventType "team-swiss (rapid)"]
[EventRounds "9"]
[EventCountry "RUS"]
[SourceTitle "Mega2024 Update 01"]
[Source "Chessbase"]
[SourceDate "2023.11.12"]
[SourceVersion "1"]
[SourceVersionDate "2023.11.12"]
[SourceQuality "1"]
[WhiteTeam "Moscow Botvinnik School"]
[BlackTeam "Novosibirsk Region"]
[WhiteTeamCountry "RUS"]
[BlackTeamCountry "RUS"]

1. e4 c5 2. Nf3 d6 3. g3 Nf6 4. c3 Nbd7 5. d3 b5 6. Bg2 Bb7 7. 0-0 g6 8. Re1 Bg7 9. Qb3 Bc6 10. e5 dxe5 11. Ng5 c4 12. dxc4 Bxg2 13. Kxg2 bxc4 14. Qxc4 0-0 15. Nd2 Qb6 16. Ngf3 Rac8 17. Qe2 Nd5 18. Kg1 Qc6 19. Nb3 f5 20. Bd2 Qf6 21. Qb5 N5b6 22. Rad1 h6 23. Be3 e4 24. Bxb6 Nxb6 25. Nfd2 Kh7 26. Qa6 Rc7 27. f3 exf3 28. Nxf3 f4 29. Nbd4 fxg3 30. hxg3 e5 31. Rxe5 Qd6 32. Rde1 Bxe5 33. Rxe5 Rcf7 34. Re6 Qxg3+ 0-1

[Event "RUS-chT Rapid"]
[Site "Sochi"]
[Date "2023.10.18"]
[Round "5.15"]
[White "Khubukshanov, Erdem"]
[Black "Savchenko, Boris"]
[Result "0-1"]
[WhiteElo "2377"]
[BlackElo "2513"]
[PlyCount "106"]
[EventDate "2023.10.18"]
[EventType "team-swiss (rapid)"]
[EventRounds "9"]
[EventCountry "RUS"]
[SourceTitle "Mega2024 Update 01"]
[Source "Chessbase"]
[SourceDate "2023.11.12"]
[SourceVersion "1"]
[SourceVersionDate "2023.11.12"]
[SourceQuality "1"]
[WhiteTeam "Novosibirsk Region"]
[BlackTeam "Moscow Region Kuban"]
[WhiteTeamCountry "RUS"]
[BlackTeamCountry "RUS"]

1. e4 e6 2. d4 d5 3. Nc3 Nf6 4. Bg5 dxe4 5. Nxe4 Be7 6. Bxf6 gxf6 7. g3 f5 8. Nc3 Nc6 9. Nf3 Bf6 10. Bb5 0-0 11. Bxc6 bxc6 12. Na4 Qd5 13. 0-0 Rd8 14. Qe2 Qb5 15. Qxb5 cxb5 16. Nc5 Bxd4 17. Nxd4 Rxd4 18. Rfd1 Rd6 19. f4 Kf8 20. Kf2 a5 21. a3 Ke7 22. Ke3 Bd7 23. Rd3 Bc6 24. Rc3 h5 25. Nd3 Ra7 26. Rc5 f6 27. Rg1 Ra8 28. Kf2 Kd7 29. Rc3 Re8 30. Re1 Kc8 31. Re2 Kb7 32. b4 Kb6 33. bxa5+ Kxa5 34. Nb4 Kb6 35. Nxc6 Rxc6 36. Rb3 Ka5 37. Rd2 Rc4 38. Kf3 h4 39. Re3 e5 40. Ke2 Ka4 41. Kd1 Re4 42. Rxe4+ fxe4 43. fxe5 Rxe5 44. gxh4 Kxa3 45. Rf2 c5 46. Rxf6 Kb2 47. Rf2 c4 48. Rg2 Rd5+ 49. Ke1 b4 50. Rg5 Rd4 51. Rb5 c3 52. h5 Kxc2 53. h6 b3 0-1

[Event "RUS-chT Blitz"]
[Site "Sochi"]
[Date "2023.10.17"]
[Round "5.26"]
[White "Khubukshanov, Erdem"]
[Black "Novikov, Maxim"]
[Result "1-0"]
[WhiteElo "2377"]
[BlackElo "2435"]
[PlyCount "77"]
[EventDate "2023.10.17"]
[EventType "team-swiss (blitz)"]
[EventRounds "13"]
[EventCountry "RUS"]
[SourceTitle "Mega2024 Update 01"]
[Source "Chessbase"]
[SourceDate "2023.11.12"]
[SourceVersion "1"]
[SourceVersionDate "2023.11.12"]
[SourceQuality "1"]
[WhiteTeam "Novosibirsk Region"]
[BlackTeam "St Petersburg SSHOR"]
[WhiteTeamCountry "RUS"]
[BlackTeamCountry "RUS"]

1. e4 c5 2. Nf3 d6 3. d4 cxd4 4. Nxd4 Nf6 5. Nc3 g6 6. Be3 Bg7 7. f3 0-0 8. Qd2 Nc6 9. 0-0-0 d5 10. Nxc6 bxc6 11. exd5 Nxd5 12. Bd4 e5 13. Bc5 Be6 14. Ne4 Re8 15. h4 Nf4 16. g3 Qxd2+ 17. Rxd2 Nh5 18. g4 Nf4 19. Ba6 Rab8 20. Rhd1 Bd5 21. Re1 Ne6 22. Bf2 f5 23. gxf5 gxf5 24. Nd6 Rf8 25. Bc4 e4 26. c3 Bh6 27. Be3 Bxe3 28. Rxe3 f4 29. Rxe4 Nc5 30. Bxd5+ cxd5 31. Red4 Rf6 32. Rxd5 Ne6 33. Ne4 Rh6 34. h5 Ng7 35. Rg2 Kh8 36. Rgg5 Rc8 37. Kc2 a6 38. a4 Re6 39. Rd7 1-0

[Event "RUS-chT Blitz"]
[Site "Sochi"]
[Date "2023.10.17"]
[Round "6.10"]
[White "Zvjaginsev, Vadim"]
[Black "Khubukshanov, Erdem"]
[Result "0-1"]
[WhiteElo "2572"]
[BlackElo "2377"]
[PlyCount "146"]
[EventDate "2023.10.17"]
[EventType "team-swiss (blitz)"]
[EventRounds "13"]
[EventCountry "RUS"]
[SourceTitle "Mega2024 Update 01"]
[Source "Chessbase"]
[SourceDate "2023.11.12"]
[SourceVersion "1"]
[SourceVersionDate "2023.11.12"]
[SourceQuality "1"]
[WhiteTeam "Moscow ShSM"]
[BlackTeam "Novosibirsk Region"]
[WhiteTeamCountry "RUS"]
[BlackTeamCountry "RUS"]

1. e4 c5 2. Nf3 d6 3. Bb5+ Nd7 4. 0-0 a6 5. Bxd7+ Bxd7 6. Re1 Nf6 7. e5 dxe5 8. Nxe5 Be6 9. b3 g6 10. Bb2 Bg7 11. d3 0-0 12. Nd2 b5 13. Ndf3 Bd5 14. c4 Bb7 15. h3 Qb6 16. Qe2 Rfe8 17. Ng5 Nh5 18. Nexf7 h6 19. Bxg7 Kxg7 20. Qb2+ Qf6 21. Qxf6+ Nxf6 22. Ne6+ Kxf7 23. Nc7 Red8 24. Nxa8 Bxa8 25. Re3 e6 26. Rae1 Rd6 27. Re5 Nd7 28. R5e3 Bc6 29. Kf1 Bb7 30. f3 Nb8 31. Re5 Nd7 32. R5e3 Bc6 33. Ke2 a5 34. Kd2 a4 35. Kc2 b4 36. Ra1 e5 37. a3 axb3+ 38. Kxb3 bxa3 39. Rxa3 Bb7 40. Ra7 Rb6+ 41. Kc3 Ke6 42. Re2 Nf6 43. Rb2 Rxb2 44. Kxb2 Bc6 45. Rg7 Be8 46. Rc7 Kd6 47. Ra7 Nh5 48. Kc3 Nf4 49. Ra2 Bd7 50. Rd2 Bf5 51. h4 h5 52. g3 Ne6 53. Ra2 Nd4 54. g4 hxg4 55. fxg4 Bxg4 56. Rg2 Bf5 57. Rf2 Ke6 58. Kd2 Bg4 59. Rg2 Kf5 60. Rf2+ Ke6 61. Rg2 Bh5 62. Rg3 Nf3+ 63. Kc3 Nxh4 64. Rg1 Nf3 65. Ra1 Nd4 66. Ra5 Kd6 67. Ra6+ Nc6 68. Kd2 Bg4 69. Ke3 Bf5 70. Rb6 Bd7 71. Rb1 Nb4 72. Rb3 Bf5 73. Ra3 Nc2+ 0-1

[Event "RUS-ch Rapid"]
[Site "Sochi"]
[Date "2023.10.15"]
[Round "2"]
[White "Khubukshanov, Erdem"]
[Black "Goltsev, Dmitry"]
[Result "1-0"]
[WhiteElo "2377"]
[BlackElo "2215"]
[PlyCount "57"]
[EventDate "2023.10.15"]
[EventType "swiss (rapid)"]
[EventRounds "11"]
[EventCountry "RUS"]
[SourceTitle "Mega2024 Update 01"]
[Source "Chessbase"]
[SourceDate "2023.11.12"]
[SourceVersion "1"]
[SourceVersionDate "2023.11.12"]
[SourceQuality "1"]

1. e4 c6 2. d4 d5 3. e5 Bf5 4. h4 h6 5. g4 Bh7 6. e6 fxe6 7. Bd3 Nf6 8. f4 Be4 9. Nf3 Nbd7 10. Nc3 Qa5 11. Bd2 Bxd3 12. cxd3 0-0-0 13. Ne5 Nxe5 14. fxe5 Nd7 15. Ne2 Qb6 16. Bc3 g5 17. Qd2 Qa6 18. hxg5 Rg8 19. gxh6 Rxg4 20. Qe3 Rg6 21. Kd2 c5 22. h7 Bg7 23. Rag1 Rxg1 24. Rxg1 Bh8 25. Rg8 cxd4 26. Bxd4 Qxa2 27. Nf4 Nc5 28. Ke2 Nb3 29. Nxe6 1-0

[Event "RUS-ch Blitz"]
[Site "Sochi"]
[Date "2023.10.14"]
[Round "2"]
[White "Khubukshanov, Erdem"]
[Black "Simbelov, Roman T"]
[Result "1-0"]
[WhiteElo "2377"]
[BlackElo "2031"]
[PlyCount "61"]
[EventDate "2023.10.14"]
[EventType "swiss (blitz)"]
[EventRounds "13"]
[EventCountry "RUS"]
[SourceTitle "Mega2024 Update 01"]
[Source "Chessbase"]
[SourceDate "2023.11.12"]
[SourceVersion "1"]
[SourceVersionDate "2023.11.12"]
[SourceQuality "1"]

1. e4 e5 2. Nf3 Nc6 3. Bc4 Nf6 4. d3 Bc5 5. 0-0 d6 6. c3 0-0 7. Re1 h6 8. h3 Qe7 9. b4 Bb6 10. a4 a6 11. a5 Ba7 12. Nbd2 Nh5 13. Nf1 Qf6 14. Be3 Be6 15. Bxa7 Rxa7 16. N3h2 Nf4 17. Qf3 Raa8 18. Rad1 Rad8 19. Ne3 Ne7 20. d4 Qg5 21. Kh1 Neg6 22. Bf1 d5 23. exd5 Nxd5 24. Neg4 exd4 25. Rxd4 c6 26. Qg3 h5 27. Nf3 Qf5 28. Nge5 Nxc3 29. Rxd8 Rxd8 30. Nxg6 fxg6 31. Nh4 1-0

[Event "Satka Autumn"]
[Site "Satka"]
[Date "2023.09.05"]
[Round "8"]
[White "Khubukshanov, Erdem"]
[Black "Zhambalov, Bator1111"]
[Result "1-0"]
[WhiteElo "2389"]
[BlackElo "2033"]
[PlyCount "83"]
[EventDate "2023.08.29"]
[EventType "swiss"]
[EventRounds "9"]
[EventCountry "RUS"]
[SourceTitle "EXT 2024"]
[Source "ChessBase"]
[SourceDate "2023.10.10"]
[SourceVersion "1"]
[SourceVersionDate "2023.10.10"]
[SourceQuality "1"]

1. e4 c5 2. Nf3 d6 3. d4 cxd4 4. Nxd4 Nf6 5. Nc3 a6 6. Bd3 e5 7. Nde2 b5 8. Bg5 Be7 9. a4 bxa4 10. Bxf6 Bxf6 11. 0-0 0-0 12. Rxa4 Nd7 13. b4 Bb7 14. Qa1 Nb6 15. Ra5 d5 16. exd5 Nxd5 17. Nxd5 Bxd5 18. Bxa6 e4 19. Qa4 Be6 20. Nf4 Qd2 21. Nxe6 fxe6 22. Qc6 Bd4 23. Qxe6+ Kh8 24. Rf5 Rxf5 25. Qxf5 Qxb4 26. Kh1 Re8 27. Rd1 Bb6 28. Bb7 Qc4 29. Qd7 Qg8 30. Bd5 Qf8 31. Qc6 Bxf2 32. Bxe4 Ba7 33. Bd3 Qe7 34. Qf3 Qe5 35. Rf1 Bc5 36. Qh3 h6 37. Qf3 Bd6 38. g3 Bc5 39. Qc6 Bd6 40. Kg2 Bc5 41. Rf5 Qe1 42. Qxc5 1-0

[Event "Satka Autumn"]
[Site "Satka"]
[Date "2023.09.04"]
[Round "7"]
[White "Timerkhanov, Alexander"]
[Black "Khubukshanov, Erdem"]
[Result "1-0"]
[WhiteElo "2354"]
[BlackElo "2389"]
[PlyCount "79"]
[EventDate "2023.08.29"]
[EventType "swiss"]
[EventRounds "9"]
[EventCountry "RUS"]
[SourceTitle "EXT 2024"]
[Source "ChessBase"]
[SourceDate "2023.10.10"]
[SourceVersion "1"]
[SourceVersionDate "2023.10.10"]
[SourceQuality "1"]

1. d4 d5 2. c4 e6 3. Nf3 Nf6 4. Nc3 Be7 5. Bf4 0-0 6. e3 Nbd7 7. Be2 dxc4 8. Bxc4 a6 9. a4 c5 10. 0-0 Nb6 11. Bb3 Nbd5 12. Be5 Nxc3 13. bxc3 b6 14. Bc2 Bb7 15. Qb1 g6 16. e4 Rc8 17. Rd1 Nd7 18. Bf4 cxd4 19. cxd4 Rc3 20. Qb2 Qc8 21. Bd3 a5 22. Rac1 Bb4 23. Ne5 Nxe5 24. Bxe5 f6 25. Bf4 Rd8 26. Be3 Qc6 27. d5 exd5 28. Rxc3 Bxc3 29. Qb3 Kg7 30. Bb5 Qc7 31. exd5 Bb4 32. Qc4 Qd6 33. Bf4 Qc5 34. Qxc5 Bxc5 35. d6 g5 36. Bg3 Rh8 37. d7 Be7 38. Bc7 Bd8 39. Bxd8 Rxd8 40. Re1 1-0